000 00544nam a2200205Ia 4500
005 20250923144649.0
008 008 250917s9999 xx 000 0 eng d
037 _aTextual
040 _aDSWL
_beng
_cDSWL
041 _aeng
_2eng
084 _qDSWL
100 _aBaveja, Malik Ram
_9827144
245 0 _aWomen in Islam
_cby Malik Ram Baveja
260 _aHyderabad
_bInstitute of Indo. Middle East Culture Studies
300 _a138p.
365 _aINR
_b6
925 _g6
942 _cTEXL
999 _c1441789
_d1441789